| 000 | 00683nam a22001937a 4500 | ||
|---|---|---|---|
| 999 |
_c143195 _d143195 |
||
| 005 | 20230529142936.0 | ||
| 010 | _aENG-119599 | ||
| 020 |
_c275.00 _a9788184654363 |
||
| 035 | _aEN-103131 | ||
| 037 | _bDBAD/PUB | ||
| 082 | _a280 | ||
| 100 | _aHagelberg,Dave | ||
| 245 |
_aThe revelation of Jesus Christ : _bto the seven Churches and to us chapter I-II / _cby Dave Hagelberg |
||
| 260 |
_aDelhi _bThe Indian Society for Promoting Christian Knowlewdge(ISPCK)) _c2014 |
||
| 270 |
_a1585,1654 Madarsa Road Kashmere Gate _bDelhi _e110006 |
||
| 300 |
_aviii,194p. : _c24cm(pbk) _bill. |
||
| 500 | _aIncludes bibliographical references | ||
| 942 |
_2ddc _cEN _mHAG _h280 |
||